LDR 00584naa#a2200157#i#450# 001 RU\\bibl\29455 005 20260418083257.6 011 ## _a1609-3178 100 ## _a20190701b2019####ek#y0rusy0150####ca 102 ## _aRU 200 1# _aБесконтактные и контактные методы контроля действующих трубопроводов _eЖурнальная статья 210 1# _aСанкт-Петербург _cООО СВЕН _d2019 215 ## _a3 с. 608 ## _aЖурнальная статья _2local 700 #1 _aГорохов _gЕвгений 856 4# _azh-szf.ru _u